| Tag |
First Indicator |
Second Indicator |
Subfields |
| LEADER |
00000cam a22000001i 4500 |
| 001 |
in00003742607 |
| 006 |
m |o d | |
| 007 |
cr |n||||||||| |
| 008 |
160829s2016 enk ob 001 0 eng d |
| 005 |
20250816223050.7 |
| 020 |
|
|
|a 9780128043639 (electronic bk.)
|
| 020 |
|
|
|a 0128043636 (electronic bk.)
|
| 020 |
|
|
|z 9780128042892
|
| 020 |
|
|
|z 0128042893
|
| 024 |
8 |
|
|a 99969638390
|
| 035 |
|
|
|a (NhCcYBP)ebr11247890
|
| 040 |
|
|
|a NhCcYBP
|c NhCcYBP
|d UtOrBLW
|
| 050 |
|
4 |
|a QA379
|b .Y35 2016
|
| 082 |
0 |
4 |
|a 515/.35
|2 23
|
| 100 |
1 |
|
|a Yakimov, Anatoly S.,
|e author.
|
| 245 |
1 |
0 |
|a Analytical solution methods for boundary value problems /
|c Anatoly S. Yakimov.
|
| 264 |
|
1 |
|a London, UK :
|b Academic Press is an imprint of Elsevier,
|c [2016]
|
| 300 |
|
|
|a 1 online resource.
|
| 336 |
|
|
|a text
|b txt
|2 rdacontent
|
| 337 |
|
|
|a computer
|b c
|2 rdamedia
|
| 338 |
|
|
|a online resource
|b cr
|2 rdacarrier
|
| 504 |
|
|
|a Includes bibliographical references (pages 181-183) and index.
|
| 588 |
|
|
|a Description based on print version record.
|
| 500 |
|
|
|a Electronic resource.
|
| 650 |
|
0 |
|a Boundary value problems.
|0 http://id.loc.gov/authorities/subjects/sh85016102
|
| 655 |
|
7 |
|a Electronic books.
|2 local
|
| 710 |
2 |
|
|a ebrary, Inc.
|0 http://id.loc.gov/authorities/names/no2007088509
|
| 776 |
1 |
8 |
|i Online version:
|a Yakimov, A. S.
|t Analytical solution methods for boundary value problems.
|d London, UK : Academic Press, 2016
|
| 776 |
1 |
8 |
|c Original
|z 9780128042892
|z 0128042893
|
| 856 |
4 |
1 |
|u https://ebookcentral.proquest.com/lib/tamucs/detail.action?docID=4644709
|y Connect to the full text of this electronic book
|t 0
|
| 955 |
|
|
|a YBP purchased DDA e-records
|
| 980 |
|
|
|b 179.91
|g 1
|
| 987 |
|
|
|a ybp13124480
|
| 999 |
f |
f |
|s 5c00ba79-d4ea-3a26-9b1a-1c5600a57ab6
|i 0007b22b-f925-30d6-b2d9-e7e9e7a8d49e
|t 0
|
| 952 |
f |
f |
|a Texas A&M University
|b College Station
|c Electronic Resources
|d Available Online
|t 0
|e QA379 .Y35 2016
|h Library of Congress classification
|
| 998 |
f |
f |
|a QA379 .Y35 2016
|t 0
|l Available Online
|